The Old Maid /
History lovers will revel in Balzac\'s social and political commentary of 19th century France in \'The Old Maid\'. With skilful insight into the human experience, the life of a rich lady and her respective suitors reveal themselves page after page. A short and snappy read, Balzac craf...
Uloženo v:
| Hlavní autor: | |
|---|---|
| Médium: | E-kniha |
| Jazyk: | Czech |
| Vydáno: |
Praha :
Saga Egmont,
2022
|
| Tagy: |
Žádné tagy |
| LEADER | 01379nam a22002297i 4500 | ||
|---|---|---|---|
| 001 | 312259 | ||
| 007 | ta | ||
| 008 | 260601s2022 xr ||||| |||| 00| 0 cze d | ||
| 020 | |a 9990003957085 | ||
| 044 | |a xr | ||
| 100 | 1 | |a de Balzac, Honoré |4 aut | |
| 245 | 1 | 0 | |a The Old Maid / |c de Balzac, Honoré |
| 264 | 1 | |a Praha : |b Saga Egmont, |c 2022 | |
| 300 | |a 1 online zdroj (63 stran) | ||
| 336 | |a text |b txt |2 rdacontent | ||
| 337 | |a bez média |b n |2 rdamedia | ||
| 338 | |a online zdroj |b cr |2 rdacarrier | ||
| 520 | 2 | |a History lovers will revel in Balzac\'s social and political commentary of 19th century France in \'The Old Maid\'. With skilful insight into the human experience, the life of a rich lady and her respective suitors reveal themselves page after page. A short and snappy read, Balzac crafts his characters with expert skill, peppered with satirical misfortunes. Part of his \'The Human Comedy\' collection, \'The Old Maid\' is ideal for fans of Xavier Giannolli\'s 2021 \'Lost Illusions\' film. | |
| 910 | |a RBIT002 | ||
| 998 | |d 395708 |a https://core.palmknihy.cz/api/books/395708/cover?she9o6 |b https://core.palmknihy.cz/api/books/395708/cover/400?she9o6 |c https://core.palmknihy.cz/api/books/395708/cover/50?she9o6 |e |g 63 |i 9990003957085 |j https://core.palmknihy.cz/api/books/395708/preview.epub |l |q 49 |r 1 |s https://www.palmknihy.cz/kniha/395708 |t ebook |y 2022 |z 1 | ||
| 999 | |d 312257 | ||